000 00464nam a2200181Ia 4500
003 OSt
005 20230519081907.0
008 210423s1998 xx 000 0 und d
040 _cAL
041 _aeng
082 _a616.89
_223
_bROSG
100 _aROSE (Sheldon).
_9109281
245 _aGroup therapy with troubled youth.
260 _aNew Delhi
_bSage Publications
_c1998
365 _b2399
_cINR
906 _atherapy ; troubled ; youth.
942 _2ddc
_cBK
999 _c172529
_d172529